00613nam a22001937a 450000500170000001000340001702000260005103500170007703500130009403700120010703700130011908200080013210000180014024500940015826000410025227000600029330000460035370000200039920140814115730.0 aB-497625-661 ENG-110402 a9788131788660c250.00 aB-497625-661 aEN-93934 bUBH/Ven bDBAD/PUB a000 aThorpe, Edgar aThe Pearson concise general knowledge manual 2013 /cby Edgar Thorpe [and] Showick Thorpe aNew DelhibDorling Kindersley c2013 a11 Community Centre, Panchsheel ParkbNew Delhie110017 avarious pagings :bill., mapsc22cm(pbk)  aThorpe, Showick